000 00811nam a22001577a 4500
003 OSt
005 20151006140140.0
008 151006b xxu||||| |||| 00| 0 eng d
040 _cRUA
082 _aAVM TRY 2006 B076 Or.1
100 _92163
_aTRY, SOKHOM.
245 _aEffect of corn bran substitute corn as feet ingredient for growing pig at kandal steung district kandal province, ឥទ្ធពលនៃការប្រើប្រាស់កន្ទក់ពោតជំនួសពោតជាចំណីផ្សំលើការលូតលាស់របស់ជ្រូកសាច់ពូជកូនកាត់នៅស្រុកកណ្ដាលស្ទឹង ខេត្តកណ្ដាល
260 _aPhnom Penh
_bRUA
_c2006
300 _a36p.
_bill.
_c29cm.
942 _2ddc
_cAVM
999 _c2036
_d2036